| 000 | 00420nam a2200169 a 4500 | ||
|---|---|---|---|
| 001 | 2108 | ||
| 003 | CO-ViMGA | ||
| 008 | 141112s2004 ck r 000 u spa d | ||
| 040 |
_aCO-ViMGA _bspa _cCO-ViMGA |
||
| 082 | 0 | 4 | _aU863.44 O537j |
| 100 | 1 |
_aOnetti, Juan Carlos _96581 |
|
| 245 | 1 | 0 | _aJunta cadáveres |
| 260 |
_aMadrid : _bMondadori, _c1991 |
||
| 300 | _a187 p | ||
| 650 | 1 | 4 |
_aNOVELA URUGUAYA _95337 |
| 942 |
_2ddc _cBK |
||
| 999 |
_c14251 _d14251 |
||